书目信息 |
| 题名: |
永恒的辉煌
|
|
| 作者: | 王其钧 编著 | |
| 分册: | ||
| 出版信息: | 北京 中国建筑工业出版社 2010.1 |
|
| 页数: | 254页 | |
| 开本: | 26cm | |
| 丛书名: | 全国高等美术院校建筑与环境艺术设计专业教学丛书 | |
| 单 册: | ||
| 中图分类: | TU-091.12 | |
| 科图分类: | ||
| 主题词: | 建筑史--外国--古代--高等学校--教材 , 建筑史 | |
| 电子资源: | ||
| ISBN: | 978-7-112-11324-8 | |
| 000 | 01272nam 2200313 45 | |
| 001 | 1355751061 | |
| 005 | 20130515173305.17 | |
| 010 | @a978-7-112-11324-8@dCNY46.00 | |
| 100 | @a20130108d2010 em y0chiy0120 ea | |
| 101 | 0 | @achi |
| 102 | @aCN@b110000 | |
| 105 | @aa a 001yy | |
| 106 | @ar | |
| 200 | 1 | @a永恒的辉煌@AYong Heng De Hui Huang@e外国古代建筑史@EWai Guo Gu Dai Jian Zhu Shi@dEternal brilliance@ea history of ancient western architecture@f王其钧编著@FWang Qi Jun Bian Zhu@zeng |
| 205 | @a2版 | |
| 210 | @a北京@c中国建筑工业出版社@d2010.1 | |
| 215 | @a254页@c图@d26cm | |
| 225 | 2 | @a全国高等美术院校建筑与环境艺术设计专业教学丛书 |
| 320 | @a有书目 (第251-252页) 和索引 | |
| 330 | @a本书内容包括: 埃及建筑、欧洲以外地区的建筑、古希腊建筑、罗马建筑、早期基督教建筑与拜占庭建筑、罗马风建筑、哥特式建筑、文艺复兴建筑等。 | |
| 461 | 0 | @12001 @a全国高等美术院校建筑与环境艺术设计专业教学丛书 |
| 510 | 1 | @aEternal brilliance@ea history of ancient western architecture@zeng |
| 517 | 1 | @a外国古代建筑史@AWai Guo Gu Dai Jian Zhu Shi |
| 606 | 0 | @a建筑史@y外国@z古代@x高等学校@j教材 |
| 606 | 0 | @a建筑史 |
| 690 | @aTU-091.12@v5 | |
| 701 | 0 | @a王其钧@AWang Qi Jun@4编著 |
| 801 | @aCN@bTANGWEI@c20130112 | |
| 905 | @b0832409-13@dTU-091.12@e100=2@f5 | |
| 永恒的辉煌:外国古代建筑史=Eternal brilliance:a history of ancient western architecture/王其钧编著.-2版.-北京:中国建筑工业出版社,2010.1 |
| 254页:图;26cm.-(全国高等美术院校建筑与环境艺术设计专业教学丛书) |
| ISBN 978-7-112-11324-8:CNY46.00 |
| 本书内容包括: 埃及建筑、欧洲以外地区的建筑、古希腊建筑、罗马建筑、早期基督教建筑与拜占庭建筑、罗马风建筑、哥特式建筑、文艺复兴建筑等。 |
| ● |
| 相关链接 |
|
|
|
|
正题名:永恒的辉煌
索取号:TU-091.12/100=2
 
预约/预借
| 序号 | 登录号 | 条形码 | 馆藏地/架位号 | 状态 | 备注 |
| 1 | 0832409 | 208324099 | 第二样本阅览室/ [索取号:TU-091.12/100=2] | 在馆 | |
| 2 | 0832410 | 208324106 | 第三借阅区/ [索取号:TU-091.12/100=2] | 在馆 | |
| 3 | 0832411 | 208324115 | 第三借阅区/ [索取号:TU-091.12/100=2] | 在馆 | |
| 4 | 0832412 | 208324124 | 第三借阅区/ [索取号:TU-091.12/100=2] | 在馆 | |
| 5 | 0832413 | 208324133 | 密集书库-资源管理系/ [索取号:TU-091.12/100=2] | 在馆 |